000 00537nam a2200205Ia 4500
005 20230713115746.0
008 131103s9999 xx 000 0 und d
040 _aLoreto College
041 _aEnglish
082 _a920
_bBLA
100 _aBlanch,Lesley
245 4 _aThe Wilder Shores of Love
_cLesley Blanch
260 _aLondon
_bJohn Murray
_c1954
300 _aix,324 p.
504 _aIncludes bibliographical references and index
650 _aBiography
651 _aWomen - Biography
850 _aLCLIB
942 _cBK
999 _c12364
_d62843